000
00293nam a2200097Ia 4500
001
1229357
005
20250827093059.0
008
250824s9999 xx 000 0 und d
245
0
_a
BÜYÜK MISIR PİRAMİTLERİ SOYGUNU
_c
SARA PENNYPACKER
260
_b
ALTIN KİTAPLAR YAYINLARI
999
_c
1229357
_d
1229357